| 000 | 00401nam a22001337a 4500 | ||
|---|---|---|---|
| 082 |
_a363.2954 _bRAZ _cL-28, P-42 |
||
| 100 |
_aRazvi, Nazir Ahmad., _938085 |
||
| 245 |
_aOur police heritage _cNazir Ahmad Razvi. |
||
| 260 |
_aLahore: _bWapda Printing Press, Sunny View Estate, _c1961. |
||
| 300 |
_a204 p.: _bill.; |
||
| 526 |
_a0 _b0 _c0 _d363_295400000000000_RAZ |
||
| 650 |
_aMCE _9379 |
||
| 942 |
_2ddc _cBK |
||
| 999 |
_c542761 _d542761 |
||